000 00917cam a22002054a 4500
005 20250605164147.0
008 250528s ||||||||||||||||||||||||d
035 _a19199
020 _a918432626
040 _aGR-AtMCL
_bgre
_dGR-AtMCL
_eAACR2
245 1 _aWho's Who in American Film Now / A Baseline Book
260 _c1988
300 _a388
520 _aThis book is a unique reference guide, a running commentary on today's movies, and essential reading for anyone interested in film and television. Preface, Who Makes What in American Film Now, Writers, Producers of all Sorts, Directors, Actors and Actresses, Production Designers and Art Directors et cetera, Costume Designers, Cinematographers, Stunts, Choreographers, Music, Special Effects, Editors, Send Us More Info.
700 1 _aMonaco James
_95443
942 _cBK
710 2 _aNew York Zoetrope
_99768
999 _c4471
_d4471